000 00199 a2200097 4500
001 49521
100 _aBennett
245 _aOld wives tales
260 _aLondon
_bJ M Dent
_c
090 _c32050
_d32050
942 _aNUST-CAE
_cM
_c24504
999 _c284594
_d284594